000 00683nam a2200253 i 4500
001 C2-0133105
003 PPAK
005 20180727123259.0
008 971027s1986 enka|||| ||||| | eng d
020 _a0333409345
040 _aPPAK
_beng
_cPPAK
_erda
082 0 4 _a597.9
_223
090 0 0 _a597.9
_bPOR
_dRK
100 1 _aPorter, Keith,
_eauthor
245 1 0 _aReptiles through the ages
264 1 _aLondon :
_bMacmillan ,
_c1986
300 _a48 pages :
_bcolour illustrations ;
_c25 cm
336 _2rdacontent
_atext
337 _2rdamedia
_aunmediated
338 _2rdacarrier
_avolume
490 1 _aThe animal kingdom
830 0 _aThe animal kingdom
942 _ddc
_cB
999 _c41856
_d41856